Effectif Racing 92 2025-2026 - Statistiques

Statistiques générales
  • Ce quiz a été pris 11 fois
  • Le résultat moyen est 11 sur 79
Statistiques - réponses
Poste Age Joueur Naissance % Correct
Ouverture 25 Ugo Seunes
88%
Ouverture 27 Antoine Gibert
75%
Seconde Ligne 35 Romain Taofifenua
75%
Centre 31 Gael Fickou
63%
Pilier 27 Hassane Kolingar
63%
Mêlée 21 Leo Carbonneau
63%
Talonneur 27 Jannick Tarrit
50%
Centre 31 Josua Tuisova
50%
Arriere 24 Max Spring
50%
Pilier 27 Demba Bamba
38%
Talonneur 25 Diego Escobar
38%
Pilier 26 Gia Kharaishvili
38%
Troisieme Ligne 27 Ibrahim Diallo
38%
Centre 29 Joey Manu
38%
Troisieme Ligne 25 Jordan Joseph
38%
Troisieme Ligne 23 Maxime Baudonne
38%
Troisieme Ligne 34 Nathan Hugues
38%
Troisieme Ligne 30 Fabian Sanconni
25%
Mêlée 21 Kleo Labarbe
25%
Centre 31 Sam James
25%
Pilier 29 Taniela Tupou
25%
Ailier 25 Vinaya Habosi
25%
Ailier 29 Wame Naituvi
25%
Troisieme Ligne 17 Auguste Albuisson
13%
Ouverture 26 Geronimo Prisciantelli
13%
Seconde Ligne 31 Jonny Hill
13%
Seconde Ligne 20 Junior Kpoku 2005
13%
Troisieme Ligne 30 Lekima Tagitagivalu
13%
Seconde Ligne 31 Thomas Lainault
13%
Centre 20 Vladi Ashvetia 2005
13%
Seconde Ligne 34 Will Rowlands
13%
Talonneur 19 Yanis Basse 2006
13%
Ouverture 19 Alessandro Ragussi
0%
Troisieme Ligne 22 Alex Mattioli 2003
0%
Troisieme Ligne 18 Anicet Batbedat 2007
0%
Mêlée 18 Antoine Latrasse 2007
0%
Centre 22 Arthur Espeut 2003
0%
Arriere 20 Arthur Roche
0%
Ouverture 21 Axel Jolet 2004
0%
Talonneur 18 Baptiste Mauret 2007
0%
Arriere 17 Come Nitharum
0%
Pilier 19 Edouard Jabea Njocke 2006
0%
Talonneur 19 Elia Masi 2006
0%
Ailier 18 Evan Monteiro 2007
0%
Talonneur 30 Feleti Kaitu'u
0%
Seconde Ligne 20 Gagui Margvelashvili 2005
0%
Centre 18 Gaspard Lievens 2007
0%
Troisieme Ligne 17 Gaston Lagneau
0%
Pilier 27 Guram Gogochashvili
0%
Troisieme Ligne 28 Hacjivah Dayimani
0%
Pilier 21 Hermann Coetzee 2004
0%
Talonneur 18 Kylian David 2007
0%
Pilier 19 Lehopa Leota 2006
0%
Troisieme Ligne 18 Leo Blin 2007
0%
Pilier 18 Luca Emery 2007
0%
Centre 18 Luigi Cozzolini 2007
0%
Seconde Ligne 17 Martin Desechalliers
0%
Arriere 17 Matanu Fernando 2007
0%
Pilier 19 Mathias Boureau D'argonne 2006
0%
Troisieme Ligne 18 Matis julien 2007
0%
Pilier 18 Maxence Cochard 2007
0%
mêlée 19 Maxente Georgelin 2006
0%
Seconde Ligne 18 Maximillien Brackenbury 2007
0%
Ouverture 18 Milo Whitford 2007
0%
Troisieme Ligne 18 Nicolas Martiny 2007
0%
Pilier 18 Noa Gay 2007
0%
Troisieme Ligne 18 Noam Zebus-Delage 2007
0%
Troisieme Ligne 21 Noa Zinzen
0%
Centre 17 Noham Valeu 2007
0%
Ailier 20 Nolaan Donguy
0%
Ailier 20 Paul Rocher 2005
0%
Seconde Ligne 22 Pietro Turrisi 2003
0%
Talonneur 21 Robin Couly
0%
Ailier 25 Selestino Ravutaumada
0%
Pilier 18 Severine Manala 2007
0%
Troisieme Ligne 21 Shingi Manyarara 2004
0%
Troisieme Ligne 22 Soumaila Camara
0%
Ailier 23 Wilfried Hulleu
0%
Troisieme Ligne 18 Yanis Nama 2007
0%
Aucun quiz correspondant
Distribution des résultats
% des personnes avec chaque résultat
Percentile par nombre de réponses
Votre historique - résultats
Vous n’avez pas pris ce quiz